000 00661nam a22002057a 4500
003 OSt
005 20140310182340.0
008 130312t xxu||||| |||| 00| 0 eng d
020 _a0-439-40127-5
050 _aGN 333
_b.D655 2001
082 _aGS 306.08
_bD68 2001
100 _aDoherty, Gillian
_916878
245 _aThe Usborne book of peoples of the world :
_cGillian Doherty.
_bInternet-linked /
260 _aNew York :
_bScholastic Inc,
_c2001.
300 _a96 p :
_c28 cm.
_bcol. ill. ;
650 _aEthnology
_914223
_xJuvenile literature.
650 _aManners and customs
_xJuvenile literature.
_921745
942 _2lcc
_cBK-GS
999 _c12132
_d12132